MDQL
is popping MORE tags! Check the
thread
!
Quizzes
Events
Quiz Creation
Community
Videos
Private Events
Remove Ads
Sign In
Join for FREE
Feedback
Dark Mode
Quiz Categories
Sports
Geography
Music
Movies
Television
Just For Fun
Miscellaneous
History
Literature
Language
Science
Gaming
Entertainment
Religion
Holiday
For Kids
Quiz Lab
Recent
Popular Today
Quiz Kudos Today
Editor Picks
Curator Picks
Quizzes by...
Day
Popularity
Type
Ratings
Length
Year
Community
Subscriptions
Recent Discussions
Orange Saloon
Badges
Playlists
Quests
Create
Leaderboards
Showdown
Live 5
Trivia Bingo
Activity
Puzzle Library
Sporcle Events
Private Events
Virtual Trivia
Globe League
Become a Host
Pub Owners
SporcleCon
Opinionation
Our Games
Videos
Blog
Mobile Apps
Partnerships
Remove Ads and Go Orange
Feedback
Music
Pop Music
The Beatles
Song
Album
Lyrics
Bands
Singers
Artist
Clip
Rock
Rap
Classical
Billboard
Country Music
Kpop
Taylor Swift
Music
Pop Music
The Beatles
Song
Album
Lyrics
Bands
Singers
Artist
Clip
Rock
Rap
Classical
Billboard
Country Music
Kpop
Taylor Swift
Random Quiz
Search Sporcle
×
Quiz Lab
Quiz Lab
Music
Song
Type in answers that appear in a list
Type in answers that appear in a list
Classic
Best Score? Go Orange.
Guess The Rap Album By Song Stats
Guess The Rap Album By Song
By
n_sausville
10m
40 Questions
151 Plays
151 Plays
151 Plays
Comments
Comments
Give Quiz Kudos
Give Quiz Kudos
-
- Ratings
hide this ad
More Info
Replay
Link that replays current quiz
Next Quiz
Link to next quiz in quiz playlist
You Got
0%
They Got
Avg Score
32%
Avg Friend Score
Upgrade to see
Score Distribution
Jump to the score distribution portion of the page
Score
0/40
Timer
10:00
0
Plays Today
Song
Album
% Correct
In My Feelings
Scorpion
89.4%
STOP TRYING TO BE GOD
ASTROWORLD
79.5%
ATM
KOD
68.9%
SAD!
?
68.2%
Lucky You (feat. Joyner Lucas)
Kamikaze
64.2%
Stir Fry
Culture II
61.6%
Better Now
Beerbongs & Bentleys
59.6%
Mona Lisa (feat. Kendrick Lamar)
The Carter V
52.3%
CLOUT COBAIN
TA13OO
48.3%
Nuketown (feat. Juice WRLD)
STOKELEY
45.7%
Off Deez (feat. J Cole)
DiCaprio 2
44.4%
Drip Too Hard
Drip Harder
44.4%
Space Cadet (feat. Gunna)
NOT ALL HEROES WEAR CAPES
42.4%
Going Bad (feat. Drake)
Championships
42.4%
All Mine
Ye
41.1%
River (feat. Ed Sheeran)
Revival
41.1%
4th Dimension
KIDS SEE GHOSTS
39.7%
MAMA (feat. Kanye West & Nicki Minaj)
DUMMY BOY
35.1%
1400/
999 Freestyle
A Love Letter To You 3
30.5%
If You Know You Know
DAYTONA
25.8%
Song
Album
% Correct
Drip (feat. Migos)
Invasion Of Privacy
23.2%
Guardian Angel
SKINS
21.9%
Billy
Day69
21.9%
REEL IT IN
ONEPOINTFIVE
20.5%
Poweglide
SR3MM
20.5%
Caterpillar (feat. Eminem &King Green)
Book of Ryan
19.2%
God's Plan
Scary Hours
18.5%
BABY DADDY (feat. Lil Pump and Offset)
Lil Boat 2
16.6%
Walk
Bawskee
16.6%
Last Memory
The Last Rocket
15.9%
Adam & Eve
Nasir
15.2%
Outside Today
Until Death Call My Name
13.9%
Noticed
Northsbest
13.2%
100 Miles & Running
YSIV
11.9%
Everyday
Bobby Tarantino II
11.3%
LIFE
Care For Me
11.3%
Hard White
Queen
4.6%
The Bends
Some Rap Songs
4%
Hurt Me
Goodbye &Good Riddance
3.3%
The Chase
OXNARD
2.6%
Quiz Playlist
Details
Report
Send in Message
Add To Playlist
More Info:
You will be given a song from an rap album from 2018 and you will guess what album it's from.
Classic:
Type in answers that appear in a list
Last Updated: Dec 9, 2018
Quiz Scoreboard
CHALLENGE
Sign Up to Join the Scoreboard
Show All
Scores
Hide
Comments
May contain spoilers
Recently Published
1-10 Letter E Words III
by El_Dandy
Language
2m
Street Fighter Characters
by Artimus82
Gaming
60s
College Basketball Coaching Resumes
by pancakes188
Sports
9m
More to Explore
Quiz From the Vault
Featured Blog Post
Where Did the Easter Bunny Come From?
hide this ad
You Might Also Like...
Tags
Album Quiz
Rap Quiz
Song Quiz
Today's Top Quizzes in Music
Browse Music
hide this ad
Today's Top Quizzes in Song
Browse Song
Top Contributed Quizzes in Music
1
Taylor Swift All Songs (2024)
2
Taylor Swift Logic Puzzle
3
Guess the Artist- 70s Songs
4
7-to-1: Billboard Hot 100 #1 Hits of 2010s
5
Sorting Albums and Songs
6
KPOP LOGIC QUIZ
7
Billboard Blitz: Aretha Franklin
8
Guess the Taylor Swift song (Mystery Song)
9
Guess The Taylor Swift Lyrics Song #1
10
Billboard Blitz: ABBA
Explore More
Trending Topics
Harry Potter
NBA
Marvel
Crossword
Anime
Kpop
Disney
NFL
Puzzle
Song
WWE
Soccer
The Office
Pokémon
Country
hide this ad
More By:
n_sausville
Quiz
Plays
Rating
Category
Featured
Created
Guess the Rap Song From The Lyric 2018
5,475
5.00
Music
Aug 14, 2018
Guess The XXXTENTACION Song By A Lyric Line
4,586
4.00
Music
Aug 15, 2018
NBA 2018-2019 Chain Quiz
3,238
1.00
Sports
Jan 26, 2019
Toronto Raptors NBA Chain Quiz
2,298
3.00
Sports
Jul 1, 2018
Top 100 Madden 18 Ratings
1,797
2.50
Sports
Oct 11, 2017
Go to Creator's Profile
Score Distribution
Quiz Creator Spotlight
n_sausville
Follow
Send a Message
Quizzes Created
-
Created Quiz Play Count
-
More By This Creator
Popular Quizzes Today
1
Find the US States - No Outlines Minefield
2
Find the Countries of Europe - No Outlines Minefield
3
The Countries of the World
4
Find the US States
5
Risky Map Clicking: Biggest States A-Z
6
US States
7
Popular People in 1961
8
Movies - When Are They Set?
More Music Quizzes
3 Girls Planet 999 Contestants, 1 Thing in Common
Quiz Lab
Trending Quizzes
Risky Map Clicking: Least Populous States A-Z
USA Borders Longest to Shortest
1-10 Letter G Words
1-10 Letter F Words
Countries of the World: 200 Million BC
Recently Updated
Beyoncé Albums
pecheneg
Leaping Animals
pecheneg
Reality TV Shows (A-Z)
bhenderson79
Rickey Henderson's Hall of Fame Teammates
pecheneg
Champions League XIs: Arsenal
pecheneg
Quick Pick: Celebrities in WWE's Hall of Fame
aduchscher
A-Z Keypad Blitz II
pecheneg
Multiple Oscar Actors
pecheneg
Mystery Phrase Blitz: Oscar 'Best Actors'
pecheneg
F. Scott Fitzgerald Novels
LTH
Trending Topics
Disney
Anime
NBA
Kpop
Marvel
Crossword
Harry Potter
Song
Pokémon
NFL
The Office
Soccer
Puzzle
Country
WWE
Your Account Isn't Verified!
In order to create a playlist on Sporcle, you need to verify the email address you used during registration. Go to your
Sporcle Settings
to finish the process.
Report this User
Report this user for behavior that violates our
Community Guidelines
.
Details:
Send Report
Go to the Sporcle.com Mobile Site →
Comments